| 000 | 00556nam a22002057a 4500 | ||
|---|---|---|---|
| 003 | OSt | ||
| 005 | 20140310182428.0 | ||
| 008 | 130129t xxu||||| |||| 00| 0 eng d | ||
| 020 | _a9712705676 | ||
| 050 |
_aPL 5544 _b.Ab116 1996 |
||
| 082 |
_aFIL 899.2101 _bAb1 1996 _2N35 1997 |
||
| 100 | _aAbad, Gemino H. | ||
| 245 |
_aFather and daughter : _bthe figures of our speech / _cGemino H. Abad. |
||
| 260 |
_aPasig City : _bAnvil, _c1996. |
||
| 300 |
_a135 p. : _c21 cm. |
||
| 562 | _e1 | ||
| 650 | _aPhilippine Poetry | ||
| 942 |
_2lcc _cBK |
||
| 999 |
_c13323 _d13323 |
||